000 00347nam a2200145Ia 4500
008 230312s9999||||xx |||||||||||||| ||und||
082 _a005.268
_bHAT-V
100 _aBill Hatfield
245 0 _aVB Script Web pages
260 _bIDG Books
300 _a444
546 _aEng.
650 _acomputer
_vHTML, VBScript and Visual Basic
942 _cBK
999 _c3082
_d3082